All League of Ireland Premier Division Teams Ever - Statistics

General Stats
  • This quiz has been taken 28 times
  • The average score is 14 of 55
Answer Stats
Team % Correct
Bohemians
94%
Cork City
88%
Shamrock Rovers
88%
Dundalk
82%
Derry City
71%
Limerick
71%
Galway United
65%
Sligo Rovers
65%
Drogheda United
59%
Waterford
59%
Athlone Town
53%
Bray Wanderers
47%
Cobh Ramblers
47%
Finn Harps
47%
St Patricks Athletic
47%
UCD
47%
Wexford
47%
Longford Town
41%
Shelbourne United
35%
Kilkenny City
29%
Cork United
24%
Monaghan United
24%
Sporting Fingal
18%
Cork Hibernians
12%
Dublin City
12%
Evergreen United/Cork Celtic
12%
Home Farm
12%
Mervue United
12%
Salthill Devon
12%
Albert Rovers
6%
Bray Unknowns
6%
Brideville
6%
Brooklyn
6%
Brooklyn
6%
Cork Alberts
6%
Cork Athletic
6%
Cork Bohemians
6%
Jacobs
6%
Kildare County
6%
St Francis
6%
Dolphin
0%
Drumcondra
0%
Dublin United
0%
Fordsons
0%
Frankfort
0%
Midland Athletic
0%
Newcastlewest
0%
Olympia
0%
Pioneers
0%
Rathmines Athletic
0%
Reds United
0%
St James's Gate
0%
Thurles Town
0%
Transport
0%
YMCA
0%
No matching quizzes found
Score Distribution
Percent of People with Each Score
Percentile by Number Answered
Your Score History
You have not taken this quiz